Science Quiz

Random Science or Biology Quiz
Score 0/12 Timer 03:00
9 Plays Today
% Correct
Arm
92.7%
Stage
91.3%
Light Source
90.9%
Coarse Adjustment Knob
90.1%
Base
89.7%
Stage Clips
89.4%
Objectives
86.7%
Fine Adjustment Knob
86%
Body Tube
85.7%
Revolving Nosepiece
78.7%
Diaphragm
76.3%
Ocular Lens
76.2%
Remove Ads.
Support Sporcle.
Get the best of Sporcle when you Go Orange. This ad-free experience offers more features, more stats, and more fun while also helping to support Sporcle. Thank you for becoming a member.

You're not logged in!

Compare scores with friends on all Sporcle quizzes.
OR
Log In

Show Comments

Extras

Top Quizzes Today


Score Distribution

Your Account Isn't Verified!

In order to create a playlist on Sporcle, you need to verify the email address you used during registration. Go to your Sporcle Settings to finish the process.

Report this User

Report this user for behavior that violates our Community Guidelines.

Details: